000 00487nam a2200181Ia 4500
005 20250508152157.0
008 008 250505s9999 xx 000 0 hin d
037 _aTextual
040 _aFEDL
_beng
_cFEDL
041 _ahin
_2eng
084 _a539.76, SHA
_qFEDL
100 _aSharma Vishwmitr
_9760966
245 0 _aAnnu shakti ki kahani
260 _aDelhi, India
_bRajhans Prakashan
300 _a27p.
942 _cTEXL
_h539.76, SHA
999 _c1334774
_d1334774